Invitación a la investigación de operaciones

Sparad:
Bibliografiska uppgifter
Huvudupphovsmän: Kaufmann, Arnold (Författare, medförfattare), Faure, R (Författare, medförfattare)
Materialtyp: Bok
Språk:spanska
Publicerad: Ciudad de México Continental 1963
Ämnen:
Taggar: Lägg till en tagg
Inga taggar, Lägg till första taggen!

MARC

LEADER 00000nam a2200000 a 4500
001 UCR9417
003 CL-VaPUC
008 980613e19630000MX |||||||||||||||||spa|d
082 0 4 |a 658.403  |b KAU  |2 21 
100 |a Kaufmann, Arnold  |e author  |9 479848 
700 0 |a Faure, R  |e author  |9 411939 
245 1 0 |a Invitación a la investigación de operaciones 
300 |a 312 p 
942 |c BK 
945 |d 19980613 00:00:00  |a crobeson 
260 |a Ciudad de México  |b Continental  |c 1963 
650 0 |a Investigación operativa  |9 259383 
650 0 |a Gestión   |9 260993 
650 0 |a Algoritmos   |9 260639 
650 0 |a Teoría de juegos  |9 263826 
650 0 |a Teoría de probabilidades   |9 336944 
583 |a last modification  |c 19980613 00:00:00  |k Rodrigo Vera 
999 |c 270613  |d 270611 
952 |0 0  |1 0  |4 0  |6 658_403000000000000_KAU_1963  |7 0  |8 A  |9 304961  |a BIBGIM  |b BIBGIM  |d 2019-11-20  |i 1413058  |o 658.403 KAU 1963  |p 1413058  |r 2025-01-15  |w 2019-11-20  |y BK  |k COM